000 01324nam a22003737a 4500
001 0008140
003 KOHA_MİRAKIL
005 20260207001623.0
007 ta
008 091008b1993 tu |||gr||||#||||0|tur |
020 _a9755640029
_c0,01
040 _aTR-BiSEU
_btur
_cTR-BiSEU
_erda
041 0 _atur
044 _ctu
050 _aHG1707
_b.P34 1993
100 1 _aPala, Fikri.
245 1 _aBanka muhasebesi ve maliyet sistemi/
_cFikri Pala ; Fikri Pala.
250 _a3. bs.
264 1 _aBursa :
_bUludağ Üniversitesi Güçlendirme Vakfı
_c1993
300 _aXXIII, 250 sayfa: resimli
336 _ametin
_btxt
_2rdacontent
337 _aaracısız
_bn
_2rdamedia
338 _acilt
_bnc
_2rdacarrier
490 1 _aUludağ Üniversitesi Güçlendirme Vakfı yayın no ;
_v5.
490 1 _aU.Ü.İ.İ.B.F.
490 1 _aİşletme İktisadı ve Muhasebe Araştırma ve Uygulama Merkezi yayın no ;
_v5
500 _aKaynakça var.
650 0 _aBankalar ve bankacılık--Muhasebe.
_920161
650 0 _aBankalar ve bankacılık--Maliyet kontrolü.
_920214
830 1 _aUludağ Üniversitesi Güçlendirme Vakfı yayın no ;
_v5.
_92243
830 1 _aU.Ü.İ.İ.B.F.
_99333
830 1 _aİşletme İktisadı ve Muhasebe Araştırma ve Uygulama Merkezi yayın no ;
_v5
_99334
942 _2lcc
_cBK
999 _c8113
_d8113